Fundamentals of Financial Management (Record no. 634)

000 -LEADER
fixed length control field 00313nam a2200121Ia 4500
008 - FIXED-LENGTH DATA ELEMENTS--GENERAL INFORMATION
fixed length control field 180730s9999||||xx |||||||||||||| ||und||
020 ## - INTERNATIONAL STANDARD BOOK NUMBER
International Standard Book Number 9789386635648
082 ## - DEWEY DECIMAL CLASSIFICATION NUMBER
Classification number 657
Item number RUS/F
100 ## - MAIN ENTRY--PERSONAL NAME
Personal name Rustogi, R. P.
245 #0 - TITLE STATEMENT
Title Fundamentals of Financial Management
260 ## - PUBLICATION, DISTRIBUTION, ETC.
Place of publication, distribution, etc. New Delhi
Name of publisher, distributor, etc. Taxmann Publications
942 ## - ADDED ENTRY ELEMENTS (KOHA)
Koha item type Book
Holdings
Withdrawn status Lost status Damaged status Not for loan Collection code Permanent Location Current Location Date acquired Total Checkouts Barcode Date last seen Date last checked out Price effective from Koha item type
        School of Law (Noida) MUIT-NOIDA MUIT-NOIDA 2018-07-30 2 MLS00519 2024-06-20 2024-03-18 2018-07-30 Book

All Rights Reserved@MUIT

Powered by Koha